00502nam a2200193Ia 4500003000400000005001700004008004100021020001500062040000700077041000800084082001500092100001600107245005500123260005800178300001400236365001300250650001400263650003100277OSt20230417092542.0210423s2001 xx 000 0 und d a8171569439 cAL aeng a333.7 JOSM aJOSHI (M V) aTheories and approaches of environmental economics aNew DelhibAtlantic Publishers and Distributorsc2001 av,224bHB b450cINR aEconomics aNatural Resources & Energy